The QC problem-solving approach : (Record no. 132263)

MARC details
000 -LEADER
fixed length control field 00800nam a22002297a 4500
005 - DATE AND TIME OF LATEST TRANSACTION
control field 20170124110152.0
010 ## - LIBRARY OF CONGRESS CONTROL NUMBER
LC control number A-878646
020 ## - INTERNATIONAL STANDARD BOOK NUMBER
International Standard Book Number 8185985294
Terms of availability 00.00
035 ## - SYSTEM CONTROL NUMBER
System control number A-878646
037 ## - SOURCE OF ACQUISITION
Source of stock number/acquisition Cen Lib/Ret
040 ## - CATALOGING SOURCE
Original cataloging agency DPL
Language of cataloging EN
082 ## - DEWEY DECIMAL CLASSIFICATION NUMBER
Classification number 658.562
Item number HOS
100 ## - MAIN ENTRY--PERSONAL NAME
Personal name Hostani, Katsuya
9 (RLIN) 34169
245 ## - TITLE STATEMENT
Title The QC problem-solving approach :
Statement of responsibility, etc by Katsuya Hosotani
Remainder of title solving workplace problems the Japanese way /
260 ## - PUBLICATION, DISTRIBUTION, ETC. (IMPRINT)
Place of publication, distribution, etc Madras
Name of publisher, distributor, etc Productivity Press India
Date of publication, distribution, etc 1996
270 ## - ADDRESS
City Madras
300 ## - PHYSICAL DESCRIPTION
Extent ix,168p.
Dimensions 20cm(Hb)
500 ## - GENERAL NOTE
General note Includes bibliographical references and index<br/>
650 ## - SUBJECT ADDED ENTRY--TOPICAL TERM
Topical term or geographic name as entry element Gestion -- Japon -- Milieu -- Probleme -- Qualite -- Resolution -- Total -- Travail
9 (RLIN) 34170
650 ## - SUBJECT ADDED ENTRY--TOPICAL TERM
Topical term or geographic name as entry element Total quality management
9 (RLIN) 6345
942 ## - ADDED ENTRY ELEMENTS (KOHA)
Source of classification or shelving scheme Dewey Decimal Classification
Koha item type English Books
Classification part 658.562
Call number suffix HOS
Holdings
Withdrawn status Lost status Damaged status Not for loan Home library Current library Date acquired Source of acquisition Cost, normal purchase price Total Checkouts Full call number Barcode Date last seen Copy number Cost, replacement price Price effective from Koha item type
        Central Library Central Library 21/07/2015 Cen Lib/Ret 0.00   658.562 HOS A-878646 21/07/2015 1 0.00 21/07/2015 English Books

© Delhi Public Library
Hit Counter
free hit counter